Introducing einstein's relativity / (Record no. 30275)

000 -LEADER
fixed length control field 00524 a2200157 4500
020 ## - INTERNATIONAL STANDARD BOOK NUMBER
International Standard Book Number 0198596863
020 ## - INTERNATIONAL STANDARD BOOK NUMBER
International Standard Book Number 9780198596868
082 04 - DEWEY DECIMAL CLASSIFICATION NUMBER
Classification number 530.11
090 ## - LOCALLY ASSIGNED LC-TYPE CALL NUMBER (OCLC); LOCAL CALL NUMBER (RLIN)
-- 1667
-- 1667
100 1# - MAIN ENTRY--PERSONAL NAME
Personal name d'Inverno, R.
245 10 - TITLE STATEMENT
Title Introducing einstein's relativity /
Statement of responsibility, etc. R. d'Inverno.
260 ## - PUBLICATION, DISTRIBUTION, ETC.
Place of publication, distribution, etc. [S.l.] :
Name of publisher, distributor, etc. Oxford University Press, USA,
Date of publication, distribution, etc. 1992.
300 ## - PHYSICAL DESCRIPTION
Extent 400 p. ;
Dimensions 26 cm.
942 ## - ADDED ENTRY ELEMENTS (KOHA)
Institution code [OBSOLETE] SNS
Koha item type Book
Call number prefix 530.11 DIN
Holdings
Withdrawn status Lost status Damaged status Not for loan Permanent Location Current Location Date acquired Total Checkouts Total Renewals Full call number Barcode Date last seen Date last checked out Price effective from Koha item type
        School of Natural Sciences (SNS) School of Natural Sciences (SNS) 05/26/2016 5 1 530.11 DIN SNS0000685 02/04/2026 09/10/2025 05/26/2016 Book
© 2023 Central Library, National University of Sciences and Technology. All Rights Reserved.